| 000 | 00571nam a2200145Ia 4500 | ||
|---|---|---|---|
| 008 | 151213s9999 xx 000 0 und d | ||
| 100 | _aমাসুদ রেজা। | ||
| 245 |
_aফরিদপুরের লোককবি লোকগান। _cমাসুদ রেজা। |
||
| 260 |
_aফবিদপুর,বাংলাদেশ। _bফরিদপুর মিডিয়া সেন্টার। _c2001 |
||
| 300 | _a8674 p. | ||
| 650 | _aBangla | ||
| 650 | _aলোকগীতি। | ||
| 700 | _aমাসুদ রেজা। | ||
| 999 |
_c4460 _d4460 |
||